Nociones de la literatura (Registro nro. 165748)

Detalles MARC
000 -ENCABEZADO
Número de control [NR] 02002nam a22002777a 4500
005 - FECHA Y HORA DE LA ÚLTIMA TRANSACCIÓN
control field 20170724081539.0
008 - DE LONGITUD FIJA DE DATOS DE ELEMENTOS - INFORMACIÓN GENERAL
Elementos de longitud fija [NR] 130311s1921 ck |||fr|||| 001 0 spa d
040 ## - FUENTE DE CATALOGACION [NR]
Quien Cataloga Sandra Yazo
Quien Clasifica Sandra Yazo (modificó)
041 0# - CODIGO DE IDIOMA [R]
Código de idioma para texto/pista de sonido o título separado [R] Español
082 04 - NUMERO DE CLASIFICACION DECIMAL DEWEY [R]
Número de la edición [NR] 20
Número de clasificación [R] 808
092 ## - SIGNATURA TOPOGRAFICA LOCAL
Número de clasificación local E25N010
100 1# - ASIENTO PRINCIPAL--NOMBRE PERSONAL [NR]
Nombre personal [NR] García, Juan Crisóstomo
Fechas asociadas con el nombre [NR] 1883-1967
ID Autoridad 32288
245 20 - MENCION DE TITULO [NR]
Título [NR] Nociones de la literatura
Mención de responsabilidad, etc. [NR] por el profesor Juan C. García
250 ## - MENCION DE EDICION [NR]
Mención de edición [NR] Segunda edición
260 ## - PUBLICACION, DISTRIBUCION, ETC. (PIE DE IMPRENTA) [R]
Lugar de publicación, distribución, etc. [R] Bogotá (Colombia)
Nombre del editor, distribuidor, etc. [R] Editorial Minerva
Fecha de publicación, distribución, etc. [R] 1921
300 ## - DESCRIPCION FISICA [R]
Extensión [R] 320 páginas
Otros detalles físicos [NR] 17 x 13 cm.
500 ## - NOTA GENERAL [R]
Nota general [NR] Detalles físicos: Encuadernación flexible en cartulina, tapa delantera con datos de publicación impresos, notorias manchas, residuos de cinta pegante y bordes con roturas. Portada impresa en una sola tinta, con sellos de tinta. Dedicatoria. Advertencias. Texto impreso en una columna, notas al pie de página. Papel manchado, últimas hojas con dobleces y roturas en bordes y esquinas
504 ## - NOTA DE BIBLIOGRAFIA, ETC. [R]
Nota de bibliografía, etc. [NR] Incluye referencias bibliográficas
505 ## - NOTA DE CONTENIDO CON FORMATO PREESTABLECIDO [R]
Mención de responsabilidad [R] Parte I – III: Rudimentos de estética: Conceptos y división de la belleza ; La fealdad ; El ideal ; Causas de la belleza ; Aptitudes artísticas ; Elementos, medios y fin del arte -- Observaciones previas sobre las reglas ; Reglas concernientes al fondo de las obras ; Forma de los escritos Explanación ; Redacción Lenguaje y estilo ; Lenguaje familiar y literario ; Arcaísmos y neologismos ; Cualidades del estilo ; Claridad y defectos opuestos ; Figuras ; Figuras de sentencia ; División del estilo ; Formación de estilo ; Traducción ; De los escritos en general -- Géneros literarios: Genero poético : Métrica ; Épica ; Poesía bucólica y didascálica ; Dramática ; Genero narrativa Historia y leyenda ; Novela y cuento
506 ## - NOTA DE RESTRICCIONES DE ACCESO [R]
Condiciones de acceso [NR] Consulta en sala
650 #7 - ASIENTO SECUNDARIO DE MATERIA - TERMINO TEMATICO [R]
9 (RLIN) 41473
Término temático o nombre geográfico como elemento de entrada [NR] Literatura
Subdivisión general [R] Enseñanza
650 #7 - ASIENTO SECUNDARIO DE MATERIA - TERMINO TEMATICO [R]
Término temático o nombre geográfico como elemento de entrada [NR] Literatura
9 (RLIN) 32289
Subdivisión general [R] Libros de texto
650 #7 - ASIENTO SECUNDARIO DE MATERIA - TERMINO TEMATICO [R]
Término temático o nombre geográfico como elemento de entrada [NR] Estética literaria
9 (RLIN) 15078
690 ## - ASUNTO AGREGADO LOCAL DE ENTRADA - TÉRMINO TEMÁTICO (OCLC, RLIN)
Acceso temático local Literatura
9 (RLIN) 18599
942 ## - ELEMENTOS DE ENTRADA AGREGADOS (KOHA)
Tipo de ítem principal el descrito en 300a Libro
Edición 2
Sistema de clasificación LOCAL
Clasificación E25N010
Existencias
Suprimido Perdido Sistema de clasificación Dañado No prestable Tipo de ítem específico Ubicación habitual Ubicación actual Localización Fecha de creación Forma de adquisición Costo Total préstamos Signatura topográfica Código de barras Última vez visto Ejemplar Price effective from Tipo de ítem
    LOCAL     Libro archivo Archivo Histórico Archivo Histórico Archivo histórico 11/03/2013 Donación 0.00   E25N010 L003622 11/03/2013 Ej.1 11/03/2013 Libro